[Event "Bursa-ch"]
[Site "Bursa"]
[Date "2015.01.08"]
[Round "2"]
[White "Sayin, Atakan"]
[Black "Aydin, Ali Eren"]
[Result "1-0"]
[WhiteElo "1735"]
[BlackElo "1587"]
[PlyCount "79"]
[EventDate "2015.01.07"]
[EventType "swiss"]
[EventRounds "7"]
[EventCountry "TUR"]
[SourceTitle "EXT 2016"]
[Source "ChessBase"]
[SourceDate "2015.10.08"]
[SourceVersion "1"]
[SourceVersionDate "2015.10.08"]
[SourceQuality "1"]

1. e4 c5 2. Nf3 d6 3. d4 cxd4 4. Nxd4 a6 5. c4 Nf6 6. Nc3 e6 7. Be2 Qc7 8. Be3 Bd7 9. 0-0 Nc6 10. Rc1 Be7 11. f3 0-0 12. Na4 Nxd4 13. Bxd4 Bxa4 14. Qxa4 Qc6 15. Qb4 Nxe4 16. fxe4 Qxe4 17. Qd2 Bg5 18. Qxg5 Qxd4+ 19. Kh1 Qxb2 20. Bd3 Rac8 21. Qh4 g6 22. Rc2 Qg7 23. Qe7 Qd4 24. Rd1 b6 25. Rcd2 d5 26. Be2 Qc3 27. cxd5 exd5 28. Qh4 Rfe8 29. Bf3 Rc4 30. Qf2 d4 31. Rd3 Qb4 32. Bd5 Rc7 33. Rf1 Ree7 34. Rf3 Qd6 35. Qxd4 Qd7 36. Rxf7 Rxf7 37. Bxf7+ Qxf7 38. Qd8+ Kg7 39. Rxf7+ Rxf7 40. h3 1-0

[Event "Bursa-ch"]
[Site "Bursa"]
[Date "2015.01.07"]
[Round "1"]
[White "Dagli, Ozgur"]
[Black "Aydin, Ali Eren"]
[Result "1-0"]
[WhiteElo "1630"]
[BlackElo "1587"]
[PlyCount "97"]
[EventDate "2015.01.07"]
[EventType "swiss"]
[EventRounds "7"]
[EventCountry "TUR"]
[SourceTitle "EXT 2016"]
[Source "ChessBase"]
[SourceDate "2015.10.08"]
[SourceVersion "1"]
[SourceVersionDate "2015.10.08"]
[SourceQuality "1"]

1. e4 c5 2. Nf3 Nc6 3. d4 cxd4 4. Nxd4 Qb6 5. Nb3 Nf6 6. Nc3 e6 7. Be3 Qc7 8. a3 Be7 9. Be2 a6 10. 0-0 b5 11. Bf3 Ne5 12. Qd4 Nxf3+ 13. gxf3 Bb7 14. Rad1 0-0 15. Kh1 d5 16. e5 Nd7 17. Bf4 Nc5 18. Rg1 Nxb3 19. cxb3 Qc5 20. Bh6 g6 21. Bxf8 Qxd4 22. Rxd4 Bxf8 23. b4 Be7 24. Rc1 Rc8 25. Ne2 Rxc1+ 26. Nxc1 Bd8 27. Nd3 Bb6 28. Nc5 Bxc5 29. bxc5 Bc6 30. b4 f6 31. f4 f5 32. h4 Kg7 33. Kh2 Kh6 34. Kg3 Kh5 35. Rd2 Kh6 36. f3 Kg7 37. h5 h6 38. hxg6 Kxg6 39. Kh4 Kh7 40. Rg2 Kh8 41. Rg6 Bd7 42. Rxh6+ Kg7 43. Kg5 Bc8 44. c6 d4 45. Rh2 Kf7 46. Rh7+ Kg8 47. Rd7 Kf8 48. Rd8+ Ke7 49. Rxd4 1-0